LIBRARY & INFORMATION CENTRE, KCAET, TAVANUR

ONLINE PUBLIC ACCESS CATALOGUE (OPAC)

Text book of Machine Design (Record no. 87)

MARC details
000 -LEADER
fixed length control field 01236cam a2200205ua 4500
003 - CONTROL NUMBER IDENTIFIER
control field @
008 - FIXED-LENGTH DATA ELEMENTS--GENERAL INFORMATION
fixed length control field 220125b ||||| |||| 00| 0 eng d
020 ## - INTERNATIONAL STANDARD BOOK NUMBER
ISBN 8121925371
082 ## - DEWEY DECIMAL CLASSIFICATION NUMBER
Classification number 621.815
Item number KHU/TE
100 ## - MAIN ENTRY--AUTHOR NAME
Personal name Khurmi, R S .
100 ## - MAIN ENTRY--AUTHOR NAME
Personal name Gupta, J.K.
245 ## - TITLE STATEMENT
Title Text book of Machine Design
250 ## - EDITION STATEMENT
Edition statement 11 / 14
260 ## - PUBLICATION, DISTRIBUTION, ETC. (IMPRINT)
Place of publication New Delhi :
Name of publisher Eurasia Publishing House ,
Year of publication 1990., 2014
300 ## - PHYSICAL DESCRIPTION
Number of Pages 921 ; .
500 ## - GENERAL NOTE
General note 17927,20887-Scheme
505 ## - FORMATTED CONTENTS NOTE
Formatted contents note 1. Introduction<br/>2 .Engineering Materials and Their Properties<br/>3. Manufacturing Considerations in Machine design<br/>4. Simple Stresses in Machine Parts<br/>5.Torsional and Bending Stresses in Machine Parts<br/>6. Variable Stresses in Machine Parts<br/>7. Pressure Vessels<br/>8. Pipes and Pipe Joints<br/>9. Riveted Joints<br/>10. Welded Joints<br/>11. Screwed Joints<br/>12. Cotter and Knuckle Joints<br/>13. Keys and Coupling<br/>14. Shafts<br/>15. Levers<br/>16. Columns and Struts<br/>17. Power Screws<br/>18. Flat Belt Drives<br/>19. Flat Belt Pulleys<br/>20. V-Belt and Rope Drives<br/>21. Chain Drives<br/>22. Flywheel<br/>23. Springs<br/>24. Clutchces<br/>25. Brakes<br/>26. Sliding Contact Bearings<br/>27. Rolling Contact Bearings<br/>28. Spur Gears<br/>29. Helical Gears<br/>30. Bevel Gears<br/>31. Worm Gears<br/>32. Internal Combustion Engine Parts<br/>
942 ## - ADDED ENTRY ELEMENTS (KOHA)
Koha item type Books
003 - CONTROL NUMBER IDENTIFIER
control field OSt
Holdings
Withdrawn status Lost status Damaged status Home library Current library Date acquired Full call number Accession Number Koha item type Shelving location Collection code Source of acquisition Cost, normal purchase price
      KAUAET KAUAET 07/04/2012 621.815 KHU/TE 16733 Books        
      KAUAET KAUAET 07/04/2012 621.815 KHU/TE 17926 Books Binding Shelf      
      KAUAET KAUAET 07/04/2012 621.815 KHU/TE 17927 Book Bank scheme for SC students        
      KAUAET KAUAET 07/04/2012 621.815 KHU/TE 20887 Book Bank scheme for SC students        
      KAUAET KAUAET 07/04/2012 621.815 KHU/TE 16734 Books Binding Shelf      
      KAUAET KAUAET 26/08/2016 621.815 KHU/TE BB 304 Book Bank scheme for SC students Scheme   Penta Books Distributors, Calicut. 850.00
      KAUAET KAUAET 26/08/2016 621.815 KHU/TE BB 305 Book Bank scheme for SC students Scheme   Penta Books Distributors, Calicut. 850.00
      KAUAET KAUAET 02/09/2016 621.815 KHU/TE BB 246 Book Bank scheme for SC students Scheme   Cosmo Books, Calicut. 795.00
      KAUAET KAUAET 06/08/2021 621.815 KHU/TE BB 610 Book Bank scheme for SC students Scheme General Books   650.00
      KAUAET KAUAET 06/08/2021 621.815 KHU/TE BB 611 Book Bank scheme for SC students Scheme General Books   650.00
free website counter